| 000 | 00449nam a2200181Ia 4500 | ||
|---|---|---|---|
| 001 | 16721 | ||
| 005 | 20260306170331.0 | ||
| 008 | 260306t1968||||xx |||||||||||||| ||und|| | ||
| 041 | _aESP | ||
| 082 |
_a349.7 _bT11 |
||
| 100 |
_aTabera Araoz, Arturo _eAUT |
||
| 245 | 0 |
_aDerecho de los religiosos: _bmanual teorico practico |
|
| 260 | _c1968 | ||
| 300 |
_a619 páginas : _c24 cm. |
||
| 650 | _aGEN | ||
| 654 | _aCDE | ||
| 942 |
_cLIB _dJUS _fJUS _2ddc _n |
||
| 999 |
_c16721 _d16721 |
||